000 01356cad a22002535a 4500
001 L146128
008 081211s2008 xxkd f s 000 0 eng d
035 _a(Sirsi) u146128
041 0 _aeng
050 0 4 _a331.281333 $2 18
110 2 _aRoyal Institution of Chartered Surveyors
_94900
240 _aThe RICS and MacDonald and Company salary survey
245 0 4 _aThe RICS and MacDonald and Company Asia Pacific salary survey 2008
_h[electronic resource]
260 _aLondon
_bMacdonald and Company
_aLondon
_bRICS
_c2008
520 _aReports that the average salary for chartered surveyors working in the region is US$65 267, excluding bonuses and other benefits, a significant drop from last year. Finds that the most significant drops were to be found in the financial services and investment and development sectors. Finds that the highest paying region was Singapore, as was found last year and that Australia and Hong Kong came next in average terms.
521 2 _aAdvanced
590 _aKA NTK
650 2 4 _aRICS SALARY AND BENEFITS SURVEYS
651 4 _aAsia Pacific
690 _aMANAGEMENT-BUSINESS MANAGEMENT-HUMAN RESOURCE MANAGEMENT
710 2 _aMacdonald and Company
_93846
856 4 1 _uhttps://www.macdonaldandcompany.com/salary-survey-asia
_zView the item free of charge online at www.macdonaldandcompany.com...
942 _n0
999 _c109059
_d109059